Presencia política-económica de Venezuela en el Mercado Común del Sur (MERCOSUR) /

שמור ב:
מידע ביבליוגרפי
מחבר ראשי: Chávez Gómez, Aquiles (autor)
פורמט: Tesis ספר
שפה:ספרדית
נושאים:
תגים: הוספת תג
אין תגיות, היה/י הראשונ/ה לתייג את הרשומה!

MARC

LEADER 00000nam^a2200000^a^4500
001 000290334
005 20250521000000.0
009 20260310112006.907
037 |a Acervo ITESO - Biblioteca 
041 |a ESP 
090 |a RIT. 162 
100 |a Chávez Gómez, Aquiles  |e (autor) 
245 1 0 |a Presencia política-económica de Venezuela en el Mercado Común del Sur (MERCOSUR) /  |c A. Chávez Gómez. 
264 |a Guadalajara, México :  |b edición de autor,  |c 2009 
300 |a 1 disco compacto de computadora 
336 |a datos para computadora  |b cod  |2 rdacontenido 
337 |a computadora  |b c  |2 rdamedio 
338 |a disco de computadora  |b cd  |2 rdasoporte 
502 |a ITESO Tesis de Licenciatura en Relaciones Internacionales 
649 |a XX 
650 |a MERCOSUR -  |x Tema Principal 
650 |a Tratados Internacionales 
650 |a Comercio Exterior -  |z Venezuela 
650 |a Apertura Comercial e Integración Económica -  |z Venezuela -  |x Tema Principal 
650 |a Política Exterior -  |z Venezuela 
650 |a Política Comercial -  |z Venezuela 
650 |a Política Económica -  |z Venezuela 
650 |a Economía -  |z Venezuela -  |x Historia -  |y 1989-1994 
650 |a Economía -  |z Venezuela -  |x Historia -  |y 1994-1999 
650 |a Economía -  |z Venezuela -  |x Historia -  |y 1999-2013 
650 |a Comercio Internacional 
650 |a Economía Internacional 
650 |a Política Internacional 
910 |a Fondo General 
920 |a Electrónicos - Tesis del ITESO en Disco 
905 |a 202 
901 |a 0500177372  |b IT2  |c STS  |u 20250521 
902 |a https://opac.biblio.iteso.mx/vufind/Record/000290334